100 plus grandes villes des Pays de la Loire - Statistiques

Statistiques générales
  • Ce quiz a été pris 69 fois
  • Le résultat moyen est 31 sur 100
Statistiques - réponses
Nbr d'hab Commune % Correct
1 325 070 44 Nantes
98%
4 73 111 44 Saint Nazaire
98%
2 157 555 49 Angers
96%
8 49 474 53 Laval
96%
3 145 182 72 Le Mans
93%
5 54 699 85 La Roche sur Yon
91%
9 48 740 85 Les Sables d'Olonne
88%
6 54 074 49 Cholet
86%
13 26 074 49 Saumur
75%
10 43 349 44 Rezé
72%
41 12 854 53 Mayenne
68%
7 50 561 44 Saint Herblain
68%
25 18 382 44 Pornic
63%
43 12 231 44 Châteaubriant
61%
28 16 613 44 La Baule Escoublac
58%
44 12 194 72 Sablé sur Sarthe
58%
22 20 535 44 Carquefou
56%
18 22 890 85 Challans
56%
12 28 341 44 Orvault
56%
36 15 081 72 La Flèche
54%
11 28 373 44 Saint Sébastien sur Loire
53%
29 16 589 85 Les Herbiers
51%
27 16 684 44 Guérande
46%
46 11 346 44 Ancenis Saint Géréon
44%
38 13 806 85 Fontenay le Comte
44%
42 12 530 44 Pornichet
44%
14 26 048 44 Vertou
42%
31 16 539 53 Château Gontier sur Mayenne
40%
20 20 754 85 Montaigu Vendée
40%
86 7 459 44 Clisson
39%
37 14 645 44 Saint Brevin les Pins
39%
76 8 140 85 Saint Gilles Croix de Vie
37%
15 25 764 49 Sèvremoine
37%
64 8 809 85 Saint Jean de Mont
35%
34 15 620 49 Trélazé
35%
23 20 483 44 La Chapelle sur Erdre
33%
16 23 887 49 Beaupréau en Mauges
32%
19 21 550 49 Chemillé en Anjou
32%
40 12 863 49 Les Ponts de Cé
32%
39 12 923 85 Saint Hilaire de Riez
32%
17 23 541 44 Couëron
30%
65 8 769 72 La Ferté Bernard
28%
59 9 450 85 Luçon
28%
32 16 227 44 Sainte Luce sur Loire
28%
35 15 225 49 Avrillé
26%
55 9 617 44 Basse Goulaine
26%
21 20 590 44 Bouguenais
26%
60 9 448 44 Nort sur Erdre
26%
58 9 465 44 Savenay
26%
47 11 249 44 Pontchâteau
25%
56 9 524 44 Vallet
25%
51 10 740 72 Allonnes
21%
48 11 227 49 Doué en Anjou
21%
24 18 514 49 Mauges sur Loire
21%
50 10 956 44 Thouaré sur Loire
21%
72 8 380 53 Evron
19%
26 16 975 49 Orée d'Anjou
19%
87 7 457 44 Sucé sur Erdre
19%
53 10 352 44 Blain
18%
30 16 588 49 Loire Authion
18%
84 7 665 44 Machecoul Saint Même
18%
52 10 414 44 Treillières
18%
100 6 803 72 Changé
16%
77 8 117 44 Donges
16%
69 8 534 44 Sautron
16%
75 8 234 44 Trignac
16%
54 10 218 85 Aizenay
14%
70 8 518 85 Chantonnay
14%
67 8 637 85 Le Poiré sur Vie
14%
62 9 163 44 Les Sorinières
14%
33 15 684 49 Montrevault sur Evre
14%
57 9 496 49 Saint Barthélemy d'Anjou
14%
61 9 392 44 Saint Philbert de Grand Lieu
14%
45 11 747 49 Baugé en Anjou
12%
89 7 289 44 Montoir de Bretagne
12%
63 8 811 49 Ombrée d'Anjou
12%
88 7 384 53 Saint Berthevin
12%
49 11 000 49 Brissac Loire Aubance
11%
78 8 049 72 Coulaines
11%
68 8 595 44 Le Loroux Bottereau
11%
82 7 739 44 Saint Etienne de Montluc
11%
74 8 281 44 Bouaye
9%
90 7 288 44 Chaumes en Retz
9%
96 6 942 44 Pont Saint Martin
9%
73 8 327 85 Talmont Saint Hilaire
9%
92 7 178 44 Herbignac
7%
83 7 722 49 Lys Haut Layon
7%
80 7 811 49 Montreuil Juigné
7%
95 6 949 44 Saint André des Eaux
7%
81 7 768 44 Saint Julien de Concelles
7%
98 6 893 49 Beaufort en Anjou
5%
97 6 910 44 Grandchamp des Fontaines
5%
66 8 712 49 Les Hauts d'Anjou
5%
79 7 946 49 Verrières en Anjou
5%
94 7 129 85 Aubigny les Clouzeaux
4%
93 7 158 44 Divatte sur Loire
4%
99 6 835 85 Essarts en Bocage
4%
85 7 509 44 Loireauxance
4%
91 7 209 44 Sainte Pazanne
4%
71 8 452 49 Gennes Val de Loire
2%
Aucun quiz correspondant
Distribution des résultats
% des personnes avec chaque résultat
Percentile par nombre de réponses
Votre historique - résultats
Vous n’avez pas pris ce quiz